000 01222cam a22003377a 4500
003 CHAP
005 20220329142245.0
008 000331d1996 mx r 00110 eng d
010 _a80655
011 _a81627
035 _a92101
040 _cCHAP
090 _aFolleto 15116
100 0 0 _aHussain, Imtiaz.
_957004
245 1 0 _aEnvironmentalism, free trade and regionalism in theoretical perspective :
_ban unholy developmental trinity?
_c/by Imtiaz Hussain
260 _aMéxico, D.F. :
_bCentro de Investigación y Docencia Económicas. División de Estudios Internacionales,
_c1996.
300 _a27 h.
410 2 _aCIDE. División de Estudios Internacionales
490 0 _aDocumento de trabajo
_v; 23
590 _aBATCH-UPD
_b10
_c20130110
_lUCH01
_h0453
590 _aBATCH-UPD
_b10
_c20130410
_lUCH01
_h0130
590 _aBATCH-UPD
_b10
_c20130914
_lUCH01
_h0933
590 _aCONVERSION
_b10
_c20130109
_lUCH01
_h1345
650 1 4 _aMedio ambiente
_xLeyes.
_974098
810 0 0 _aCIDE. División de Estudios Internacionales
_923095
830 0 _aDocumento de trabajo
_v; 23
_933227
901 _aBK
905 _aGuadalupe Pinto C.
942 _cFOLL
949 _aFolleto 15116
_bBC
_cFOLL
_d921011
_eTS1
_i92101
_sb
999 _c80655
_d80655